[Event "Washington Open"]
[Site "Chess.com"]
[Date "2020.05.24"]
[Round "?"]
[White "Cui, Max"]
[Black "Johnson, Tobias"]
[Result "1-0"]
[WhiteElo "515"]
[BlackElo "567"]
[PlyCount "91"]
[EventDate "2020.??.??"]

1. e4 e5 2. Nf3 Nc6 3. d4 exd4 4. Nxd4 Bc5 5. Be3 Nxd4 6. Bxd4 Bb6 7. Bxg7 f6
8. Qh5+ Ke7 9. Bxh8 Kd6 10. Qd5+ Ke7 11. Bc4 Nh6 12. Bg7 c6 13. Qh5 Kd6 14. e5+
Kc7 15. Bxh6 Qe7 16. O-O d6 17. exd6+ Qxd6 18. Qf7+ Bd7 19. Nc3 Rd8 20. Qxh7
Kb8 21. Qe4 Bc7 22. g3 Re8 23. Qd3 Rh8 24. Qxd6 Bxd6 25. Be3 Bh3 26. Rfd1 Be5
27. f4 Bc7 28. Ne4 Re8 29. Nxf6 Rxe3 30. Re1 Rf3 31. Re8+ Bd8 32. Rxd8+ Kc7 33.
Rd3 Rxd3 34. Bxd3 Kd6 35. Ne4+ Kd5 36. f5 Ke5 37. f6 Ke6 38. Bc4+ Kd7 39. f7
Ke7 40. Ng5 Bg4 41. Re1+ Kf8 42. Re8+ Kg7 43. f8=Q+ Kg6 44. h4 Bd7 45. Qf7+ Kh6
46. Rh8# 1-0

[Event "Washington Open"]
[Site "Chess.com"]
[Date "2020.05.25"]
[Round "?"]
[White "Cui, Max"]
[Black "Han, Shuyi"]
[Result "0-1"]
[WhiteElo "515"]
[BlackElo "758"]
[PlyCount "136"]
[EventDate "2020.??.??"]

1. e4 c5 2. c3 d6 3. d4 cxd4 4. cxd4 Nf6 5. d5 g6 6. Nc3 Bg7 7. Nf3 O-O 8. Be3
e6 9. dxe6 Bxe6 10. Bb5 Nc6 11. Bxc6 bxc6 12. O-O Ng4 13. Bf4 d5 14. exd5 cxd5
15. h3 Nf6 16. Qd2 Ne4 17. Qe3 Nxc3 18. bxc3 Qb6 19. Qd2 Rfc8 20. Be5 Qa5 21.
Rab1 Bxe5 22. Nxe5 Qxc3 23. Qxc3 Rxc3 24. Rb7 Kg7 25. f4 Rc2 26. f5 Bxf5 27.
Rxf7+ Kg8 28. g4 Be4 29. R1f2 Rc1+ 30. Kh2 Rh1+ 31. Kg3 d4 32. Kh4 d3 33. Kg5
d2 34. Rxd2 Re8 35. Kf6 Rf1+ 36. Kg5 Rxf7 37. Nxf7 Kxf7 38. Rf2+ Kg7 39. Re2
h6+ 40. Kf4 Bc6 41. Rxe8 Bxe8 42. Ke5 Bf7 43. a4 Bb3 44. a5 Kf7 45. Kd6 a6 46.
Kc5 Bd1 47. Kb6 Be2 48. h4 Kf6 49. h5 gxh5 50. gxh5 Kg5 51. Kc5 Kxh5 52. Kd4
Kg5 53. Ke3 Bb5 54. Kf3 h5 55. Kg3 h4+ 56. Kh3 Bd7+ 57. Kg2 Kg4 58. Kh2 h3 59.
Kg1 Kg3 60. Kh1 Bc6+ 61. Kg1 h2+ 62. Kf1 h1=Q+ 63. Ke2 Qf3+ 64. Kd2 Bb5 65. Kc2
Qd3+ 66. Kb2 Bc4 67. Ka1 Qa3+ 68. Kb1 Bd3# 0-1

[Event "Washington Open"]
[Site "Chess.com"]
[Date "2020.05.25"]
[Round "?"]
[White "Shanmugam, Varsha"]
[Black "Cui, Max"]
[Result "0-1"]
[WhiteElo "616"]
[BlackElo "515"]
[PlyCount "108"]
[EventDate "2020.??.??"]

1. e4 e5 2. Nf3 Nf6 3. Nxe5 d6 4. Nf3 Nxe4 5. Qe2 Qe7 6. d3 Nf6 7. Qxe7+ Bxe7
8. Be2 O-O 9. O-O Bg4 10. c3 Nc6 11. Nbd2 Nd5 12. c4 Nf4 13. Re1 Ne5 14. Nxe5
Bxe2 15. Nef3 Rfe8 16. Nb3 Bxf3 17. Bxf4 Bg4 18. Nd4 Bf6 19. Rxe8+ Rxe8 20. Nc2
Bxb2 21. Re1 Rxe1+ 22. Nxe1 Be6 23. Kf1 b5 24. cxb5 Bxa2 25. Ke2 Bd5 26. Kd2
Bd4 27. Ke2 c6 28. Bxd6 cxb5 29. Kd2 a5 30. Kc1 Bxf2 31. Nc2 Bxg2 32. Kd2 Bf3
33. d4 f5 34. Kd3 Be4+ 35. Kd2 Bxc2 36. Kxc2 Bxd4 37. Kd3 Bb2 38. Kc2 Bf6 39.
Kb3 Kf7 40. Ka3 Be7 41. Kb3 Bxd6 42. h4 f4 43. Kc2 f3 44. Kd2 a4 45. Kc2 f2 46.
Kd2 f1=Q 47. Ke3 Bf4+ 48. Ke4 Qc4+ 49. Kf5 g6+ 50. Kg4 a3 51. Kf3 a2 52. Kf2
a1=Q 53. Kf3 Qac3+ 54. Kg4 Qg3# 0-1

[Event "Washington Open"]
[Site "Chess.com"]
[Date "2020.05.23"]
[Round "?"]
[White "Chickering, Daniel"]
[Black "Willy, Stephen"]
[Result "0-1"]
[WhiteElo "499"]
[BlackElo "1137"]
[PlyCount "106"]
[EventDate "2020.??.??"]

1. e4 e5 2. Nf3 Nc6 3. Bb5 Bc5 4. O-O Nf6 5. Bxc6 dxc6 6. Nxe5 Nxe4 7. Qe2 Qd5
8. d3 Qxe5 9. Qxe4 Qxe4 10. dxe4 O-O 11. Nc3 f5 12. e5 Re8 13. Re1 Be6 14. Ne2
Bd5 15. Nf4 Be4 16. Nd3 Bb6 17. Bf4 Rad8 18. Rad1 Bd4 19. c3 Bb6 20. Nb4 a5 21.
Bg5 Rxd1 22. Rxd1 axb4 23. cxb4 Rxe5 24. Rd8+ Kf7 25. Rd7+ Kg6 26. h4 Bd5 27.
Kf1 Bc4+ 28. Kg1 Re1+ 29. Kh2 Bxf2 30. Kh3 f4 31. Kg4 Be6+ 32. Kf3 Bxd7 33.
Kxf2 Rb1 34. Bxf4 Rxb2+ 35. Kg3 Rxa2 36. Bxc7 Ra3+ 37. Kh2 Ra4 38. Bd6 b6 39.
g4 Bxg4 40. Kg3 Be2 41. Kf2 Bc4 42. Ke3 Kh5 43. Be7 h6 44. Kd4 Be6 45. Ke5 Ba2
46. Kd6 c5 47. b5 c4 48. Kc6 c3 49. Bd6 c2 50. Bf4 Rxf4 51. Kxb6 c1=Q 52. Ka7
Qc7+ 53. Ka6 Ra4# 0-1

[Event "Washington Open"]
[Site "Chess.com"]
[Date "2020.05.24"]
[Round "?"]
[White "Smith, Andrew"]
[Black "Chickering, Daniel"]
[Result "1/2-1/2"]
[WhiteElo "1135"]
[BlackElo "499"]
[PlyCount "112"]
[EventDate "2020.??.??"]

1. e4 e5 2. Nf3 Nc6 3. d4 Bd6 4. Bc4 Nf6 5. Bg5 O-O 6. d5 Nb8 7. Nc3 h6 8. Bh4
Be7 9. O-O Nxe4 10. Bxe7 Nxc3 11. Bxd8 Nxd1 12. Raxd1 Rxd8 13. Nxe5 d6 14. Nf3
Bf5 15. Bd3 Bg4 16. Be2 Nd7 17. Rd2 Re8 18. Nd4 Nf6 19. Bxg4 Nxg4 20. h3 Ne5
21. b3 c5 22. dxc6 bxc6 23. f4 c5 24. fxe5 cxd4 25. exd6 Rec8 26. d7 Rd8 27.
Rxd4 a5 28. Re1 Kf8 29. c4 Ra7 30. Red1 Ke7 31. Kf2 Raxd7 32. Ke3 Rxd4 33. Rxd4
Rxd4 34. Kxd4 Kd6 35. c5+ Kc6 36. Kc4 g5 37. b4 axb4 38. Kxb4 h5 39. a4 f5 40.
a5 g4 41. a6 gxh3 42. a7 Kb7 43. a8=Q+ Kxa8 44. gxh3 f4 45. Kc3 f3 46. Kd3 f2
47. Ke2 Kb7 48. Kxf2 Kc6 49. Kf3 Kxc5 50. Kf4 Kd6 51. Kg5 Ke7 52. Kxh5 Kf7 53.
Kh6 Kg8 54. Kg6 Kh8 55. h4 Kg8 56. h5 Kh8 1/2-1/2

[Event "Washington Open"]
[Site "Chess.com"]
[Date "2020.05.24"]
[Round "?"]
[White "Chickering, Daniel"]
[Black "Tatikonda, Nihanth"]
[Result "0-1"]
[WhiteElo "499"]
[BlackElo "1226"]
[PlyCount "96"]
[EventDate "2020.??.??"]

1. e4 c5 2. Nf3 g6 3. d4 cxd4 4. Nxd4 Bg7 5. Bc4 Nc6 6. Nxc6 bxc6 7. Qf3 e6 8.
O-O Ne7 9. Bg5 O-O 10. c3 d5 11. exd5 cxd5 12. Nd2 Rb8 13. Bd3 Bb7 14. Qe3 a6
15. Qc5 Re8 16. Rac1 Qd7 17. b4 Rbc8 18. Qe3 Nf5 19. Qe2 Bxc3 20. Bxa6 Bxa6 21.
Qxa6 Bxb4 22. Rxc8 Qxc8 23. Qa4 Bxd2 24. Bxd2 Qa8 25. Qb5 Rb8 26. Qa5 Qxa5 27.
Bxa5 Ra8 28. Bc3 Rxa2 29. Rb1 d4 30. Ra1 Rxa1+ 31. Bxa1 e5 32. g4 Nd6 33. f3
Kg7 34. Kg2 f5 35. g5 h6 36. gxh6+ Kxh6 37. Kg3 g5 38. Bb2 Nb5 39. Bc1 Kg6 40.
f4 gxf4+ 41. Kf3 e4+ 42. Kf2 e3+ 43. Ke2 Nc3+ 44. Kf3 Kg5 45. h4+ Kxh4 46. Kxf4
Ne2+ 47. Ke5 Nxc1 48. Kxd4 e2 0-1

[Event "Washington Open"]
[Site "Chess.com"]
[Date "2020.05.25"]
[Round "?"]
[White "Zhang, Michael M."]
[Black "Chickering, Daniel"]
[Result "1-0"]
[WhiteElo "977"]
[BlackElo "499"]
[PlyCount "31"]
[EventDate "2020.??.??"]

1. e4 e5 2. Nf3 Nc6 3. Nc3 Bb4 4. Bb5 Bxc3 5. bxc3 Nf6 6. d3 O-O 7. Bg5 h6 8.
Bh4 d6 9. d4 g5 10. Nxg5 hxg5 11. Bxg5 Re8 12. Qf3 Kg7 13. Qg3 Kf8 14. Qh4 exd4
15. Bxf6 Ne7 16. Qh6+ 1-0

[Event "Washington Open"]
[Site "Chess.com"]
[Date "2020.05.25"]
[Round "?"]
[White "Ruff, Lois"]
[Black "Chickering, Daniel"]
[Result "1-0"]
[WhiteElo "1027"]
[BlackElo "499"]
[PlyCount "115"]
[EventDate "2020.??.??"]

1. e4 e5 2. Nf3 Nc6 3. Bb5 a6 4. Ba4 Nf6 5. d3 d5 6. Nxe5 Bd7 7. Nxd7 Qxd7 8.
O-O dxe4 9. Re1 Be7 10. Bg5 exd3 11. cxd3 O-O 12. Nc3 Rfe8 13. Bc2 Bc5 14. Bxf6
gxf6 15. Ne4 Qf5 16. Nxc5 Rxe1+ 17. Qxe1 Qxc5 18. Qd2 Nb4 19. Bb3 Rd8 20. Rc1
Rxd3 21. Rxc5 Rxd2 22. g3 Rxb2 23. Rxc7 Nxa2 24. Bxf7+ Kg7 25. Bxa2+ Kh6 26.
Bd5 b6 27. Bg8 Kg5 28. Rg7+ Kf5 29. Bxh7+ Ke5 30. f4+ Kd4 31. Rd7+ Ke3 32. Re7+
Kf3 33. Be4+ Kg4 34. Rg7+ Kh5 35. g4+ Kh6 36. Rg6+ Kh7 37. Rxf6+ Kg7 38. g5 a5
39. Bd5 a4 40. Rf7+ Kg6 41. h4 a3 42. Rf6+ Kg7 43. h5 a2 44. Bxa2 Rxa2 45. Rxb6
Ra1+ 46. Kg2 Ra2+ 47. Kg3 Ra3+ 48. Kg4 Ra1 49. h6+ Kg8 50. Rb7 Rg1+ 51. Kf5 Rd1
52. Rg7+ Kf8 53. Ke6 Re1+ 54. Kf6 Rf1 55. f5 Rc1 56. Kg6 Rc6+ 57. f6 Re6 58. h7
1-0

[Event "Washington Open"]
[Site "Chess.com"]
[Date "2020.05.23"]
[Round "?"]
[White "Smith, Andrew"]
[Black "Joshi, Arnav"]
[Result "0-1"]
[WhiteElo "1135"]
[BlackElo "313"]
[PlyCount "48"]
[EventDate "2020.??.??"]

1. e4 e6 2. d4 d5 3. Nc3 Nf6 4. e5 Nfd7 5. Nf3 c5 6. Be3 Nc6 7. Bb5 Be7 8. O-O
O-O 9. Ne2 f6 10. dxc5 Bxc5 11. Bxc6 bxc6 12. exf6 Qxf6 13. Bd4 e5 14. Bxc5
Nxc5 15. c3 e4 16. Nfd4 Qg6 17. Ng3 Nd3 18. Qd2 h5 19. Nxh5 Bh3 20. Ng3 Bc8 21.
b4 Rb8 22. Qe3 Ne5 23. Rab1 Qh7 24. f4 Ng4 0-1

[Event "Washington Open"]
[Site "Chess.com"]
[Date "2020.05.23"]
[Round "?"]
[White "Joshi, Arnav"]
[Black "Sunku, Charith"]
[Result "0-1"]
[WhiteElo "313"]
[BlackElo "1579"]
[PlyCount "50"]
[EventDate "2020.??.??"]

1. d4 d5 2. c4 c6 3. Nc3 Nf6 4. Nf3 e6 5. a3 Nbd7 6. Bf4 Be7 7. e3 dxc4 8. Bxc4
O-O 9. Bd3 Nh5 10. O-O Nxf4 11. exf4 b6 12. Re1 Bb7 13. Ne5 c5 14. Qg4 Nf6 15.
Qh3 Qxd4 16. Rad1 Qxf4 17. Nd7 Rfe8 18. Nxf6+ Bxf6 19. Qxh7+ Kf8 20. Be4 Bxc3
21. Rd7 Qh6 22. Qxh6 gxh6 23. Bxb7 Bxe1 24. Bxa8 Rxa8 25. Rd4 cxd4 0-1

[Event "Washington Open"]
[Site "Chess.com"]
[Date "2020.05.24"]
[Round "?"]
[White "Shen, Lixing"]
[Black "Joshi, Arnav"]
[Result "1-0"]
[WhiteElo "1083"]
[BlackElo "313"]
[PlyCount "105"]
[EventDate "2020.??.??"]

1. e4 e6 2. d4 d5 3. e5 c5 4. Nf3 Nc6 5. Bb5 a6 6. Bxc6+ bxc6 7. O-O f6 8. Bf4
a5 9. Nc3 Ba6 10. Re1 Ne7 11. exf6 gxf6 12. Rxe6 Kf7 13. Re1 Ng6 14. Bg3 Bd6
15. Bxd6 Qxd6 16. dxc5 Qxc5 17. Qd4 Qxd4 18. Nxd4 c5 19. Nf5 d4 20. Ne4 d3 21.
cxd3 Bxd3 22. Nfd6+ Kg7 23. Nxc5 Ba6 24. Ne6+ Kg8 25. Nc7 Rd8 26. Re8+ Rxe8 27.
Ncxe8 f5 28. Nxf5 Kf7 29. Ned6+ Ke6 30. Re1+ Ne5 31. f4 Rb8 32. Rxe5+ Kf6 33.
Rxa5 Rxb2 34. Rxa6 Rb1+ 35. Kf2 Rb2+ 36. Kg3 Re2 37. Nd4 Re1 38. N6f5+ Kf7 39.
Nh6+ Kf8 40. Ra7 Re3+ 41. Kf2 Re7 42. Rxe7 Kxe7 43. a4 Kd7 44. a5 Kc8 45. a6
Kb8 46. f5 Ka7 47. f6 Kxa6 48. f7 Ka5 49. f8=Q Kb6 50. Qd8+ Kc5 51. Nhf5 Kc4
52. Qc7+ Kd3 53. Qc2# 1-0

[Event "Washington Open"]
[Site "Chess.com"]
[Date "2020.05.24"]
[Round "?"]
[White "Joshi, Arnav"]
[Black "Zhang, Michael M."]
[Result "0-1"]
[WhiteElo "313"]
[BlackElo "977"]
[PlyCount "108"]
[EventDate "2020.??.??"]

1. d4 d5 2. c4 e6 3. Nc3 Nf6 4. g3 Be7 5. Bg2 b6 6. Nf3 Bb7 7. Ne5 Nbd7 8. Nxd7
Qxd7 9. O-O O-O 10. e3 c5 11. cxd5 exd5 12. Re1 Rac8 13. e4 dxe4 14. Nxe4 Nxe4
15. Bxe4 Bxe4 16. Rxe4 Qb7 17. Qg4 f5 18. Rxe7 Qxe7 19. Bg5 fxg4 20. Bxe7 Rfe8
21. Bg5 cxd4 22. Rd1 Re5 23. Bf4 Rd5 24. Be3 dxe3 25. Rxd5 e2 26. Re5 Rc1+ 27.
Kg2 e1=Q 28. Rxe1 Rxe1 29. a3 Rb1 30. b4 Ra1 31. a4 Rxa4 32. f3 Ra2+ 33. Kf1
gxf3 34. b5 Rxh2 35. g4 f2 36. g5 h5 37. gxh6 gxh6 38. Ke2 f1=Q+ 39. Kxf1 h5
40. Kg1 Ra2 41. Kf1 h4 42. Kg1 h3 43. Kh1 Rb2 44. Kg1 Rxb5 45. Kh2 a5 46. Kxh3
a4 47. Kg4 a3 48. Kf3 a2 49. Ke4 a1=Q 50. Kd3 Qa3+ 51. Kc4 Qa4+ 52. Kc3 Rb3+
53. Kc2 Qa2+ 54. Kc1 Rb1# 0-1

[Event "Washington Open"]
[Site "Chess.com"]
[Date "2020.05.25"]
[Round "?"]
[White "Joshi, Arnav"]
[Black "Ghosh, Yohan"]
[Result "1-0"]
[WhiteElo "313"]
[BlackElo "825"]
[PlyCount "173"]
[EventDate "2020.??.??"]

1. d4 d5 2. c4 e6 3. a3 Nc6 4. Nf3 Nf6 5. Nc3 Be7 6. g3 O-O 7. Bg2 dxc4 8. e4
Re8 9. O-O Bd6 10. e5 Be7 11. exf6 Bxf6 12. d5 Ne7 13. dxe6 Bxe6 14. Qxd8 Raxd8
15. Ne4 Nd5 16. Rd1 Be7 17. Neg5 Bg4 18. h3 Bh5 19. g4 Bg6 20. Ne5 Bxg5 21.
Nxg6 Bxc1 22. Raxc1 hxg6 23. Rxd5 c6 24. Rxd8 Rxd8 25. Rxc4 Rd1+ 26. Kh2 Rd2
27. f4 Rxb2 28. Ra4 a6 29. f5 gxf5 30. gxf5 Rb5 31. Be4 Rb2+ 32. Kg1 b5 33.
Rxa6 Rb3 34. Bxc6 Rxh3 35. Bxb5 Rf3 36. Bd7 Kh7 37. a4 g6 38. fxg6+ fxg6 39.
Rc6 Ra3 40. Rc7 Kh6 41. Rc5 Rd3 42. Bc6 Rd8 43. a5 Rd1+ 44. Kf2 Ra1 45. Bb7 g5
46. a6 Kh5 47. Bc8 Kh4 48. Rc7 Ra2+ 49. Ke1 Kg3 50. a7 g4 51. Bb7 Rxa7 52. Rc3+
Kh4 53. Bc8 Ra1+ 54. Kd2 Ra2+ 55. Ke3 Rh2 56. Rc7 g3 57. Rh7+ Kg5 58. Rg7+ Kh4
59. Rg4+ Kh5 60. Rxg3 Rb2 61. Rh3+ Kg5 62. Rg3+ Kf6 63. Rf3+ Ke7 64. Kd4 Rb4+
65. Kc5 Rb1 66. Re3+ Kf6 67. Rf3+ Kg5 68. Rg3+ Kf4 69. Rg4+ Kf3 70. Rc4 Rb8 71.
Rc3+ Ke2 72. Ba6+ Kd2 73. Rd3+ Kc2 74. Kc4 Rc8+ 75. Bxc8 Kb2 76. Rh3 Ka2 77.
Kb4 Kb2 78. Rh2+ Kc1 79. Kb3 Kd1 80. Kc3 Ke1 81. Kd3 Kf1 82. Ke3 Kg1 83. Ra2
Kf1 84. Ba6+ Kg1 85. Kf3 Kh1 86. Kg3 Kg1 87. Ra1# 1-0

[Event "Washington Open"]
[Site "Chess.com"]
[Date "2020.05.25"]
[Round "?"]
[White "Karthikeyan, Harishkumar"]
[Black "Joshi, Arnav"]
[Result "1-0"]
[WhiteElo "1088"]
[BlackElo "313"]
[PlyCount "99"]
[EventDate "2020.??.??"]

1. e4 e6 2. d4 d5 3. exd5 exd5 4. Nf3 c5 5. c3 Nc6 6. Bb5 a6 7. Bxc6+ bxc6 8.
O-O Nf6 9. Re1+ Be7 10. Ne5 Qd6 11. Bf4 O-O 12. Ng6 Qd8 13. Nxe7+ Kh8 14. Nxc6
Qd7 15. Ne5 Qb7 16. b3 Bf5 17. Nd2 cxd4 18. cxd4 Qb6 19. Bg5 Qxd4 20. Bxf6 gxf6
21. Nef3 Qg4 22. h3 Qg6 23. Nh4 Qg5 24. Nxf5 Qxf5 25. Qf3 Qxf3 26. Nxf3 h5 27.
Rad1 Rad8 28. Re2 Rd6 29. Red2 Rfd8 30. Nd4 Kg7 31. Nf5+ Kh7 32. Nxd6 Rxd6 33.
Rxd5 Rxd5 34. Rxd5 Kg6 35. Rd6 a5 36. Ra6 a4 37. Rxa4 f5 38. b4 f4 39. b5 h4
40. b6 f3 41. b7 f6 42. b8=Q fxg2 43. Qg8+ Kf5 44. Qg4+ Ke5 45. Ra5+ Kd6 46.
Qf5 Kc6 47. Qxf6+ Kb7 48. Rg5 Kc7 49. Rg7+ Kc8 50. Qf8# 1-0

[Event "Washington Open"]
[Site "Chess.com"]
[Date "2020.05.23"]
[Round "?"]
[White "Holbrook, Aidan"]
[Black "Zhu, Florina"]
[Result "0-1"]
[WhiteElo "161"]
[BlackElo "1506"]
[PlyCount "100"]
[EventDate "2020.??.??"]

1. e4 e5 2. Nf3 Nc6 3. Bc4 Bc5 4. c3 Nf6 5. d3 a6 6. O-O d6 7. Re1 Ba7 8. d4
exd4 9. cxd4 O-O 10. d5 Ne5 11. Nxe5 dxe5 12. Nc3 Ng4 13. h3 Nxf2 14. Qe2 Nd3+
15. Kh1 Nxe1 16. Qxe1 b5 17. Bb3 Qf6 18. Bd2 h6 19. Qe2 Kh7 20. Rf1 Qb6 21. Qh5
f5 22. exf5 Rxf5 23. Qe2 Bd7 24. Nd1 Raf8 25. Bc2 b4 26. Bxf5+ Rxf5 27. Be3 Qb7
28. Bxa7 Qxa7 29. Qd3 g6 30. Re1 Bb5 31. Qb3 Qd4 32. a3 bxa3 33. Qxa3 Qxd5 34.
Ne3 Qd2 35. Qe7+ Kg8 36. Qd8+ Qxd8 37. Nxf5 gxf5 38. Rxe5 Qd1+ 39. Kh2 Qd6 40.
Kg1 Qxe5 41. Kf2 Qxb2+ 42. Ke3 a5 43. Kf4 Qf2+ 44. Ke5 a4 45. Kd5 a3 46. Ke5 a2
47. Kd5 a1=Q 48. Ke6 Qaa2+ 49. Ke7 Qc5+ 50. Kf6 Qf7# 0-1

[Event "Washington Open"]
[Site "Chess.com"]
[Date "2020.05.24"]
[Round "?"]
[White "Zhang, Michael M."]
[Black "Holbrook, Aidan"]
[Result "0-1"]
[WhiteElo "977"]
[BlackElo "161"]
[PlyCount "66"]
[EventDate "2020.??.??"]

1. e4 e6 2. d4 d5 3. exd5 exd5 4. Nc3 c6 5. Nf3 Bd6 6. Bd3 Ne7 7. h3 O-O 8. O-O
Nd7 9. Ng5 h6 10. Qh5 Nf6 11. Qh4 h5 12. Be2 Nf5 13. Nxf7 Nxh4 14. Nxd8 Rxd8
15. Bg5 Nf5 16. Bxf6 gxf6 17. Bxh5 Nxd4 18. Rfd1 Nf5 19. Rd3 Ng7 20. Rf3 Nxh5
21. g4 Ng7 22. Rxf6 Bc5 23. Re1 b5 24. Rxc6 Bb4 25. a3 Ba5 26. b4 Bb6 27. Rd1
d4 28. Ne2 Bb7 29. Rg6 Bf3 30. Rd2 Re8 31. Nxd4 Re1+ 32. Kh2 Bc7+ 33. Rd6 Bxd6#
0-1

[Event "Washington Open"]
[Site "Chess.com"]
[Date "2020.05.25"]
[Round "?"]
[White "Holbrook, Aidan"]
[Black "Elliott, William"]
[Result "0-1"]
[WhiteElo "161"]
[BlackElo "1541"]
[PlyCount "120"]
[EventDate "2020.??.??"]

1. e4 c6 2. Nf3 d5 3. exd5 cxd5 4. d4 Nf6 5. h3 Bf5 6. Be2 e6 7. O-O Nbd7 8.
Bf4 Be7 9. Nc3 a6 10. Ne5 O-O 11. Bd3 Bxd3 12. Qxd3 Nxe5 13. Bxe5 b5 14. f4 Qd7
15. Rf3 b4 16. Ne2 Ne4 17. Ng3 Nxg3 18. Rxg3 f6 19. Bxf6 Bxf6 20. Re1 Bh4 21.
Ree3 Bxg3 22. Rxg3 Rxf4 23. Qe3 Raf8 24. Kh2 Qd6 25. Rg5 Rf3+ 26. Qe5 Qxe5+ 27.
dxe5 R3f5 28. Rg4 Rxe5 29. Rxb4 Ra8 30. Kg3 Re4 31. Rb6 Kf7 32. Kf3 a5 33. b3
Re1 34. a4 Rc1 35. Rc6 Kf6 36. Ke3 Ra7 37. Kd3 Rg1 38. g4 Rg3+ 39. Kd4 Rxh3 40.
g5+ Kf5 41. c3 Rg3 42. b4 axb4 43. cxb4 Rxa4 44. Kc5 Rc3+ 45. Kb5 Rxc6 46. Kxc6
Rxb4 47. Kc5 Re4 48. Kb5 Ke5 49. Kc5 Rc4+ 50. Kb5 Kd6 51. Ka5 Rc1 52. Kb4 d4
53. Kb3 d3 54. Kb2 Rc8 55. Kb3 Kd5 56. Kb4 d2 57. Kb3 d1=Q+ 58. Kb2 Qc1+ 59.
Kb3 Rb8+ 60. Ka2 Qb2# 0-1

[Event "Washington Open"]
[Site "Chess.com"]
[Date "2020.05.25"]
[Round "?"]
[White "Liu, Yuntao"]
[Black "Holbrook, Aidan"]
[Result "1-0"]
[WhiteElo "1059"]
[BlackElo "161"]
[PlyCount "95"]
[EventDate "2020.??.??"]

1. b3 d6 2. Bb2 e5 3. e3 Nf6 4. Nf3 Bf5 5. Be2 Nc6 6. d3 Be7 7. Nbd2 O-O 8. O-O
d5 9. Nxe5 Qd6 10. Nxc6 bxc6 11. Nf3 Nd7 12. Nd4 Bg6 13. Bh5 Bf6 14. Bxg6 fxg6
15. Rb1 c5 16. Nb5 Qc6 17. Bxf6 Nxf6 18. Nc3 d4 19. exd4 c4 20. bxc4 Rad8 21.
d5 Qd6 22. Re1 Qf4 23. Qf3 Qd2 24. Ne4 Nxe4 25. Qxe4 Qxf2+ 26. Kh1 Qxc2 27. Qe2
Qxe2 28. Rxe2 Rf7 29. Rbe1 Rdf8 30. h3 h6 31. Re7 Rf2 32. Rxc7 Rxa2 33. d6 Ra6
34. d7 Rd6 35. Re8 Rxd3 36. Rxa7 Rxd7 37. Rxf8+ Kxf8 38. Rxd7 Ke8 39. Rd1 Kf7
40. c5 Kf6 41. c6 g5 42. c7 g4 43. c8=Q g3 44. Re1 Kf7 45. Qe8+ Kf6 46. Qe7+
Kf5 47. Qe6+ Kf4 48. Qe5# 1-0

[Event "Washington Open"]
[Site "Chess.com"]
[Date "2020.05.23"]
[Round "?"]
[White "Arul, Sharvesh"]
[Black "Williamson, Michelle"]
[Result "1-0"]
[WhiteElo "1253"]
[BlackElo "1118"]
[PlyCount "115"]
[EventDate "2020.??.??"]

1. e4 e5 2. Nf3 Nc6 3. Nc3 Nf6 4. Bb5 a6 5. Ba4 Be7 6. O-O b5 7. Bb3 O-O 8. d3
d6 9. Bg5 Na5 10. Re1 Nxb3 11. axb3 c6 12. d4 Bg4 13. dxe5 Bxf3 14. Qxf3 dxe5
15. Bxf6 Bxf6 16. Red1 Qc7 17. h3 Rfd8 18. Rxd8+ Bxd8 19. Ne2 Qa7 20. b4 Bb6
21. c3 Rd8 22. b3 Rd6 23. Rf1 Qd7 24. Ng3 Rd3 25. Qh5 Bc7 26. Rc1 g6 27. Qh6 f6
28. h4 Bd6 29. Re1 Qe6 30. h5 Bf8 31. Qc1 Qxb3 32. hxg6 hxg6 33. Ne2 Kh7 34.
Qa1 Rd2 35. Kf1 Ra2 36. Qd1 Qe6 37. Qd8 Qd6 38. Qb6 c5 39. Qb7+ Kh6 40. Qf7
cxb4 41. Qxa2 bxc3 42. Nxc3 Qd3+ 43. Ne2 Bb4 44. Rc1 a5 45. Qg8 Qxe4 46. Qh8+
Kg5 47. f3 Qd3 48. Qh3 Qf5 49. Qg3+ Kh6 50. Qh4+ Qh5 51. Qxf6 Bd2 52. Qh8+ Kg5
53. Qxe5+ Kh6 54. Qxh5+ gxh5 55. Rc6+ Kg5 56. Rc5+ Kh4 57. g3+ Kh3 58. Rxh5#
1-0

[Event "Washington Open"]
[Site "Chess.com"]
[Date "2020.05.23"]
[Round "?"]
[White "Kolar, Tom"]
[Black "Arul, Sharvesh"]
[Result "1-0"]
[WhiteElo "1277"]
[BlackElo "1253"]
[PlyCount "97"]
[EventDate "2020.??.??"]

1. e4 e5 2. Nf3 Nc6 3. Bb5 a6 4. Ba4 Nf6 5. O-O Be7 6. Re1 O-O 7. Bxc6 dxc6 8.
Nxe5 Qd4 9. Nf3 Qb6 10. d4 Rd8 11. c3 Bg4 12. Nbd2 Bxf3 13. Qxf3 c5 14. d5 c6
15. c4 cxd5 16. exd5 Bd6 17. Ne4 Nxe4 18. Rxe4 Qa5 19. Bf4 Bxf4 20. Qxf4 b5 21.
Re7 Rf8 22. b3 bxc4 23. bxc4 Rab8 24. d6 Qxa2 25. Rae1 Qa4 26. Rc7 Qa5 27. Qe5
Qa4 28. d7 h6 29. Qxc5 Kh7 30. Qe5 Kg8 31. c5 a5 32. g3 Rbd8 33. c6 Kh8 34. Qe8
Rdxe8 35. Rxe8 Qd1+ 36. Kg2 Qd5+ 37. f3 Qd2+ 38. Kh3 Rxe8 39. dxe8=Q+ Kh7 40.
Qxf7 Qg5 41. f4 Qg6 42. Qxg6+ Kxg6 43. Ra7 a4 44. Rxa4 Kf6 45. c7 Ke7 46. c8=Q
Kf7 47. Qc6 Ke7 48. Ra7+ Kd8 49. Qd7# 1-0

[Event "Washington Open"]
[Site "Chess.com"]
[Date "2020.05.24"]
[Round "?"]
[White "Arul, Sharvesh"]
[Black "Willy, Stephen"]
[Result "0-1"]
[WhiteElo "1253"]
[BlackElo "1137"]
[PlyCount "58"]
[EventDate "2020.??.??"]

1. e4 e5 2. Nf3 Nc6 3. Bb5 Bc5 4. d3 Nf6 5. O-O d6 6. Bg5 h6 7. Bh4 g5 8. Bg3
Bg4 9. c3 h5 10. Nbd2 h4 11. h3 Bxf3 12. Nxf3 hxg3 13. Nxg5 Bxf2+ 14. Kh1 Qd7
15. Qb3 Rh5 16. Bxc6 bxc6 17. Rxf2 gxf2 18. Rf1 Rxg5 19. Rxf2 Rg6 20. Qb7 Rd8
21. Qxa7 Ke7 22. Qe3 Rh8 23. b4 Ng4 24. Rxf7+ Kxf7 25. Qf3+ Rf6 26. Qe2 Nf2+
27. Kh2 Rxh3+ 28. gxh3 Qxh3+ 29. Kg1 Qh1# 0-1

[Event "Washington Open"]
[Site "Chess.com"]
[Date "2020.05.24"]
[Round "?"]
[White "Parashar, Parth"]
[Black "Arul, Sharvesh"]
[Result "0-1"]
[WhiteElo "920"]
[BlackElo "1253"]
[PlyCount "54"]
[EventDate "2020.??.??"]

1. c4 e5 2. Nf3 Nc6 3. d3 Nf6 4. Nc3 Bb4 5. Bd2 O-O 6. a3 Bc5 7. Bg5 d6 8. Nd5
Bg4 9. Bxf6 gxf6 10. Qd2 Be6 11. Qh6 Bxd5 12. cxd5 Nd4 13. Nxd4 Bxd4 14. Rb1 c6
15. e3 Qa5+ 16. b4 Bc3+ 17. Kd1 Qa4+ 18. Ke2 Qc2+ 19. Kf3 Qxb1 20. g3 cxd5 21.
Bg2 e4+ 22. dxe4 Qxe4+ 23. Ke2 Qg4+ 24. Bf3 Qc4+ 25. Kd1 Qd3+ 26. Kc1 Qd2+ 27.
Kb1 Qb2# 0-1

[Event "Washington Open"]
[Site "Chess.com"]
[Date "2020.05.25"]
[Round "?"]
[White "Smith, Andrew"]
[Black "Arul, Sharvesh"]
[Result "0-1"]
[WhiteElo "1135"]
[BlackElo "1253"]
[PlyCount "76"]
[EventDate "2020.??.??"]

1. e4 e5 2. Nf3 Nc6 3. d4 exd4 4. Bc4 h6 5. Nxd4 Bc5 6. Nxc6 bxc6 7. O-O Ne7 8.
Qg4 Ng6 9. Bxf7+ Kxf7 10. Qf5+ Kg8 11. Qxc5 Kh7 12. Qh5 Qe8 13. Re1 Rf8 14. Nc3
d6 15. Qa5 Qd7 16. b3 Qf7 17. Re2 Bg4 18. f3 Be6 19. Be3 c5 20. Rf2 Ne5 21.
Raf1 Kg8 22. Ne2 Rae8 23. Ng3 a6 24. Qd2 c4 25. f4 Ng4 26. Rf3 Nxe3 27. Qxe3
cxb3 28. axb3 d5 29. f5 Bd7 30. e5 Bc6 31. f6 d4 32. e6 Rxe6 33. Qxd4 Bxf3 34.
Rxf3 Rxf6 35. Rxf6 Qxf6 36. Qc4+ Kh8 37. Qc5 Qa1+ 38. Nf1 Rxf1# 0-1

[Event "Washington Open"]
[Site "Chess.com"]
[Date "2020.05.25"]
[Round "?"]
[White "Arul, Sharvesh"]
[Black "Joshi, Atharva"]
[Result "1-0"]
[WhiteElo "1253"]
[BlackElo "1332"]
[PlyCount "119"]
[EventDate "2020.??.??"]

1. e4 e6 2. d4 d5 3. exd5 exd5 4. Nc3 Nf6 5. Nf3 Be7 6. Be2 O-O 7. O-O c5 8.
Bg5 cxd4 9. Qxd4 Nc6 10. Qd1 Be6 11. Bf4 a6 12. Ng5 d4 13. Nce4 Nxe4 14. Nxe4
f5 15. Ng3 g5 16. Bd2 Kh8 17. Re1 g4 18. Bxg4 fxg4 19. Rxe6 Qe8 20. Qxg4 Qf7
21. Qe2 d3 22. Bc3+ Bf6 23. Bxf6+ Qxf6 24. Rxf6 dxe2 25. Rxf8+ Rxf8 26. Nxe2
Nb4 27. c3 Nd3 28. b3 Nxf2 29. Rf1 Nh3+ 30. gxh3 Rg8+ 31. Ng3 Rc8 32. c4 Rd8
33. Nh5 Rg8+ 34. Kh1 Rd8 35. h4 Kg8 36. Rg1+ Kh8 37. Rf1 Kg8 38. Nf6+ Kg7 39.
Nd5 Kh8 40. Rd1 Rf8 41. b4 h5 42. b5 axb5 43. cxb5 Rd8 44. a4 Kg7 45. Kg2 Kf7
46. Kf3 b6 47. Ke4 Re8+ 48. Kd4 Rd8 49. Kc4 Rc8+ 50. Kb4 Rd8 51. a5 Rc8 52.
axb6 Rc4+ 53. Kxc4 Ke6 54. b7 Kd7 55. b8=Q Ke6 56. Qe8+ Kd6 57. Nf6+ Kc7 58.
Qd7+ Kb8 59. Qd8+ Kb7 60. Rd7# 1-0

[Event "Washington Open"]
[Site "Chess.com"]
[Date "2020.05.23"]
[Round "?"]
[White "Wong-Godfrey, Emerson"]
[Black "Tessiore, Luca"]
[Result "0-1"]
[WhiteElo "1114"]
[BlackElo "1135"]
[PlyCount "44"]
[EventDate "2020.??.??"]

1. e4 c5 2. Nf3 Nc6 3. c3 g6 4. Bb5 Bg7 5. d4 cxd4 6. cxd4 Nf6 7. Nc3 a6 8. Ba4
b5 9. Bc2 d6 10. O-O Bg4 11. h3 Bxf3 12. gxf3 Qd7 13. Kh2 Nh5 14. Be3 Nd8 15.
a4 Ne6 16. Qd2 Bxd4 17. Nd5 Be5+ 18. f4 Nhxf4 19. Nxf4 g5 20. Qd5 Rc8 21. Bb3
gxf4 22. Bd2 Ng5 0-1